Statystyki dla Wybory do Parlamentu Europejskiego w Polsce w 2019

Kliknij tutaj aby rozwiązać quiz!

Ogólne statystyki

  • Ten quiz został rozwiązany 448 razy
  • Średni wynik to 4 z 9

Statystyki odpowiedzi

Lp.Głosy (liczba)Głosy (%)Komitet wyborczy% Poprawnych
16 192 78045,38Prawo i Sprawiedliwość
100%
4621 1884,55Konfederacja
78%
3826 9756,06Wiosna
70%
25 249 93538,47Koalicja Europejska
60%
6168 7451,24Lewica Razem
52%
5503 5643,69Kukiz’15
51%
879000,06PolEXIT
18%
774 0130,54Polska Fair Play
16%
922110,02Jedność Narodu
4%

Rozkład punktacji

Percentyl według liczby udzielonych odpowiedzi

Procent ludzi z każdym wynikiem

Twoja historia wyników

Nie rozwiązałeś tego quizu